[Event "Hessen-ch A"]
[Site "Frankfurt/Main"]
[Date "2019.06.01"]
[Round "6"]
[White "Stock, Juergen"]
[Black "Fucik, Timo"]
[Result "1/2-1/2"]
[WhiteElo "1875"]
[BlackElo "2020"]
[PlyCount "127"]
[EventDate "2019.05.30"]
[EventType "swiss"]
[EventRounds "7"]
[EventCountry "GER"]

1. d4 d5 2. e3 Nf6 3. Bd3 e6 4. Nd2 c5 5. c3 Nc6 6. f4 Bd6 7. Nh3 cxd4 8. exd4
Qc7 9. O-O Bd7 10. Qe2 h6 11. Nf3 Ne7 12. Ne5 Bc6 13. f5 Ne4 14. fxe6 fxe6 15.
Bxe4 dxe4 16. Bf4 O-O 17. Nxc6 Nxc6 18. Bxd6 Qxd6 19. Qxe4 e5 20. d5 Ne7 21.
Rxf8+ Rxf8 22. Kh1 Qxd5 23. Qxd5+ Nxd5 24. Re1 Re8 25. g3 Kf7 26. Kg2 b5 27.
Nf2 Ke6 28. Nd3 Kd6 29. Kf3 Nf6 30. Nf2 Rf8 31. Ke2 a5 32. Rd1+ Kc6 33. h3 h5
34. Rd2 a4 35. Nd3 Re8 36. Nb4+ Kc5 37. b3 axb3 38. axb3 Re6 39. Ke3 Kb6 40.
Ra2 Kc5 41. Ra7 g5 42. Rc7+ Kb6 43. Rg7 g4 44. h4 Kc5 45. Rg5 Nd5+ 46. Nxd5
Kxd5 47. Rf5 Ra6 48. c4+ bxc4 49. bxc4+ Kxc4 50. Rxe5 Ra3+ 51. Kf4 Rf3+ 52. Kg5
Kd4 53. Ra5 Rxg3 54. Kxh5 Rg1 55. Ra4+ Ke5 56. Kg6 g3 57. h5 Rc1 58. Rg4 Rc6+
59. Kg5 Rc8 60. Kh4 Kf5 61. Rxg3 Rc4+ 62. Kh3 Rc1 63. Kh2 Rc2+ 64. Kh3 1/2-1/2

[Event "Hessen-ch A"]
[Site "Frankfurt/Main"]
[Date "2019.06.01"]
[Round "6"]
[White "Thomas, Tobias"]
[Black "Halbig, Christopher"]
[Result "1-0"]
[WhiteElo "1942"]
[BlackElo "1802"]
[PlyCount "57"]
[EventDate "2019.05.30"]
[EventType "swiss"]
[EventRounds "7"]
[EventCountry "GER"]

1. c4 e5 2. g3 d6 3. Bg2 Nf6 4. Nc3 Nbd7 5. Nf3 Be7 6. d3 O-O 7. O-O c6 8. Rb1
a5 9. e4 Nc5 10. Be3 Nfd7 11. Na4 Ne6 12. d4 exd4 13. Nxd4 Nxd4 14. Bxd4 c5 15.
Be3 Nb6 16. Nxb6 Qxb6 17. Qc2 Be6 18. Rfd1 Rfd8 19. Rd2 Rd7 20. Rbd1 Bf6 21. f4
Rdd8 22. h3 Be7 23. f5 Bd7 24. Bf4 Be8 25. Rd3 Rd7 26. e5 Rad8 27. e6 fxe6 28.
fxe6 Bg6 29. exd7 1-0

[Event "Hessen-ch A"]
[Site "Frankfurt/Main"]
[Date "2019.06.01"]
[Round "6"]
[White "Tietzen, Stefan"]
[Black "Mudrinic, Nenad"]
[Result "1/2-1/2"]
[WhiteElo "2015"]
[BlackElo "1897"]
[PlyCount "46"]
[EventDate "2019.05.30"]
[EventType "swiss"]
[EventRounds "7"]
[EventCountry "GER"]

1. e4 c5 2. Nf3 e6 3. d4 cxd4 4. Nxd4 Nf6 5. Nc3 Bb4 6. Bd3 Nc6 7. Nxc6 bxc6 8.
Bd2 d5 9. O-O O-O 10. e5 Nd7 11. f4 f6 12. Qh5 f5 13. Kh1 d4 14. Ne4 g6 15. Qh6
fxe4 16. Bxe4 Bxd2 17. Bxg6 Qe7 18. Rf3 Nxe5 19. Bxh7+ Qxh7 20. Rg3+ Ng6 21.
Rxg6+ Qxg6 22. Qxg6+ Kh8 23. Qh6+ Kg8 1/2-1/2

[Event "Hessen-ch A"]
[Site "Frankfurt/Main"]
[Date "2019.06.01"]
[Round "6"]
[White "Voellinger, Florian"]
[Black "Bluebaum, Johanna"]
[Result "0-1"]
[WhiteElo "1871"]
[BlackElo "2003"]
[PlyCount "52"]
[EventDate "2019.05.30"]
[EventType "swiss"]
[EventRounds "7"]
[EventCountry "GER"]

1. d4 d5 2. c4 e6 3. Nc3 Bb4 4. Qb3 c5 5. dxc5 Nc6 6. Bd2 Nf6 7. Nf3 Bxc5 8.
Qb5 Be7 9. e3 O-O 10. Qb3 Na5 11. Qc2 dxc4 12. Be2 Bd7 13. O-O Qc7 14. Nd4 a6
15. e4 b5 16. g4 Bc5 17. Be3 Qa7 18. g5 Bxd4 19. gxf6 Bxe3 20. fxg7 Kxg7 21.
fxe3 Qxe3+ 22. Kh1 Bc6 23. Rf3 Qd4 24. Rg1+ Kh8 25. Nd5 exd5 26. e5 Qe4 0-1

[Event "Hessen-ch A"]
[Site "Frankfurt/Main"]
[Date "2019.06.01"]
[Round "6"]
[White "Yaghi, Rita"]
[Black "Dreis, Volker"]
[Result "1/2-1/2"]
[WhiteElo "1783"]
[BlackElo "1930"]
[PlyCount "65"]
[EventDate "2019.05.30"]
[EventType "swiss"]
[EventRounds "7"]
[EventCountry "GER"]

1. e4 c5 2. Nf3 Nc6 3. d4 cxd4 4. Nxd4 Nf6 5. Nc3 e5 6. Ndb5 d6 7. Bg5 a6 8.
Na3 b5 9. Nd5 Be7 10. Bxf6 Bxf6 11. c3 Bg5 12. Nc2 Rb8 13. Bd3 Be6 14. Nce3 O-O
15. O-O g6 16. Kh1 Ne7 17. Nxe7+ Qxe7 18. Qe2 f5 19. exf5 gxf5 20. f3 d5 21. f4
Bxf4 22. Rxf4 exf4 23. Nxd5 Qd6 24. Nxf4 Rbe8 25. Qf3 Bc4 26. Bc2 Qd2 27. Qg3+
Kh8 28. Qh4 Qxc2 29. Ng6+ Kg7 30. Nxf8 Rxf8 31. Qg3+ Kh8 32. Qe5+ Kg8 33. Qg3+
1/2-1/2

[Event "Hessen-ch A"]
[Site "Frankfurt/Main"]
[Date "2019.06.02"]
[Round "7"]
[White "Bagatsch, Thomas"]
[Black "Rutsatz, Mario"]
[Result "1/2-1/2"]
[WhiteElo "2087"]
[BlackElo "1959"]
[PlyCount "65"]
[EventDate "2019.05.30"]
[EventType "swiss"]
[EventRounds "7"]
[EventCountry "GER"]

1. e4 e6 2. c4 c5 3. Nf3 Nc6 4. Be2 Nf6 5. Nc3 a6 6. O-O Qc7 7. d4 cxd4 8. Nxd4
Bb4 9. Nxc6 dxc6 10. Bf3 O-O 11. Qb3 Be7 12. Bg5 e5 13. Rac1 Qb8 14. Qb6 Be6
15. b3 h6 16. Bxf6 Bxf6 17. Rfd1 Bg5 18. Rb1 Bd8 19. Qe3 b5 20. cxb5 Bb6 21.
Qc1 axb5 22. a4 Qa7 23. axb5 Bxf2+ 24. Kh1 Rac8 25. Ra1 Qc5 26. bxc6 Bxb3 27.
Nd5 Bxd1 28. Bxd1 Kh8 29. c7 f5 30. Qxc5 Bxc5 31. Rc1 Bd6 32. exf5 Rf7 33. Bg4
1/2-1/2

[Event "Hessen-ch A"]
[Site "Frankfurt/Main"]
[Date "2019.06.02"]
[Round "7"]
[White "Bethke, Robert"]
[Black "Eurich, Jannik"]
[Result "1-0"]
[WhiteElo "2024"]
[BlackElo "1704"]
[PlyCount "49"]
[EventDate "2019.05.30"]
[EventType "swiss"]
[EventRounds "7"]
[EventCountry "GER"]

1. c4 Nf6 2. Nc3 e6 3. d4 d5 4. Nf3 c6 5. e3 Nbd7 6. Bd3 dxc4 7. Bxc4 b5 8. Bd3
Bb7 9. a3 a6 10. b4 Bd6 11. Qc2 O-O 12. O-O Qe7 13. Rb1 h6 14. Bd2 e5 15. Ne4
Nxe4 16. Bxe4 Rac8 17. Bc3 Rfe8 18. Rfe1 exd4 19. exd4 Qd8 20. Ne5 Nb6 21. Nxf7
Qc7 22. Bh7+ Kf8 23. Nxd6 Qxd6 24. Qf5+ Qf6 25. Qc5+ 1-0

[Event "Hessen-ch A"]
[Site "Frankfurt/Main"]
[Date "2019.06.02"]
[Round "7"]
[White "Blaschke, Henri Johannes"]
[Black "Kuhn, Gerhard"]
[Result "0-1"]
[WhiteElo "1838"]
[BlackElo "1977"]
[PlyCount "62"]
[EventDate "2019.05.30"]
[EventType "swiss"]
[EventRounds "7"]
[EventCountry "GER"]

1. d4 Nf6 2. c4 g6 3. Nf3 Bg7 4. g3 O-O 5. Bg2 d5 6. cxd5 Nxd5 7. O-O Nc6 8.
Nc3 Nb6 9. Bf4 Bg4 10. d5 Bxf3 11. Bxf3 Ne5 12. Bg2 Nec4 13. Bc1 c6 14. dxc6
bxc6 15. Qc2 Rc8 16. Rd1 Qc7 17. Bf4 e5 18. Bc1 Qe7 19. b3 Na3 20. Qb2 Nb5 21.
Bd2 Rfd8 22. Nxb5 cxb5 23. Bc3 b4 24. Rxd8+ Rxd8 25. Be1 e4 26. Qc1 Bxa1 27.
Qxa1 e3 28. Bf3 Qd6 29. fxe3 Qd1 30. Qxd1 Rxd1 31. Kf2 a5 0-1

[Event "Hessen-ch A"]
[Site "Frankfurt/Main"]
[Date "2019.06.02"]
[Round "7"]
[White "Bluebaum, Johanna"]
[Black "Emig, Nils"]
[Result "1-0"]
[WhiteElo "2003"]
[BlackElo "1784"]
[PlyCount "87"]
[EventDate "2019.05.30"]
[EventType "swiss"]
[EventRounds "7"]
[EventCountry "GER"]

1. d4 Nf6 2. c4 g6 3. Nc3 d5 4. cxd5 Nxd5 5. e4 Nxc3 6. bxc3 Bg7 7. Nf3 c5 8.
h3 Nc6 9. Be3 Qa5 10. Bd2 Qd8 11. d5 Ne5 12. Be2 O-O 13. Nxe5 Bxe5 14. f4 Bg7
15. Bf3 e6 16. O-O exd5 17. exd5 c4 18. Qa4 Bd7 19. Qxc4 Qb6+ 20. Rf2 Rac8 21.
Qb3 Qxb3 22. axb3 Bxc3 23. Bxc3 Rxc3 24. Rxa7 Rxb3 25. Kh2 Rd8 26. Rc2 Bf5 27.
Rc7 Rd7 28. Rxd7 Bxd7 29. Kg3 Kf8 30. Kh4 Ke7 31. Kg5 Rb4 32. Rxb7 Rxb7 33. d6+
Kxd6 34. Bxb7 Ke7 35. Kh6 Kf6 36. Be4 Bf5 37. Bd5 Be6 38. Bxe6 fxe6 39. g4 e5
40. fxe5+ Kxe5 41. Kxh7 Kf6 42. Kh6 Kf7 43. g5 Kf8 44. Kxg6 1-0

[Event "Hessen-ch A"]
[Site "Frankfurt/Main"]
[Date "2019.06.02"]
[Round "7"]
[White "Carow, Annelen"]
[Black "Stock, Juergen"]
[Result "1-0"]
[WhiteElo "2131"]
[BlackElo "1875"]
[PlyCount "43"]
[EventDate "2019.05.30"]
[EventType "swiss"]
[EventRounds "7"]
[EventCountry "GER"]

1. c4 f5 2. Nf3 Nf6 3. g3 e6 4. Bg2 d5 5. O-O c6 6. d3 Bc5 7. b3 Qe7 8. a4 O-O
9. Ba3 Bxa3 10. Nxa3 b6 11. d4 Nbd7 12. Qc2 Bb7 13. Qb2 Rab8 14. Rac1 c5 15.
cxd5 Bxd5 16. Nc4 b5 17. axb5 Rxb5 18. dxc5 Nxc5 19. Nd4 Bxg2 20. Kxg2 Nxb3 21.
Nxb5 Nxc1 22. Nbd6 1-0

[Event "Hessen-ch A"]
[Site "Frankfurt/Main"]
[Date "2019.06.02"]
[Round "7"]
[White "Dietze, Frank"]
[Black "Diez, Gerhard"]
[Result "0-1"]
[WhiteElo "2112"]
[BlackElo "1983"]
[PlyCount "96"]
[EventDate "2019.05.30"]
[EventType "swiss"]
[EventRounds "7"]
[EventCountry "GER"]

1. d4 Nf6 2. c4 e6 3. Nf3 a6 4. a3 d5 5. cxd5 exd5 6. Bg5 Be7 7. Nc3 O-O 8. Qb3
c6 9. e3 Nbd7 10. Bd3 h6 11. Bh4 Ne4 12. Bxe7 Qxe7 13. O-O Ndf6 14. Qc2 Nd6 15.
Na4 Qc7 16. Rac1 Be6 17. Nc5 Rae8 18. Ne5 Bc8 19. b4 Ng4 20. Nf3 f5 21. h3 Nf6
22. Ne5 Nfe4 23. Rfe1 Qd8 24. f3 Ng5 25. Qd2 Rf6 26. a4 Ndf7 27. f4 Ne4 28. Qa2
g5 29. b5 axb5 30. axb5 Nxc5 31. Rxc5 gxf4 32. exf4 Nxe5 33. fxe5 Rg6 34. Qf2
Qg5 35. bxc6 bxc6 36. Rb1 Kh8 37. Kh2 Reg8 38. Rb2 Bd7 39. Rcc2 R6g7 40. Re2
Be6 41. Rbc2 Qh5 42. Re3 f4 43. Rf3 Rg3 44. Bf1 Bxh3 45. Kg1 Rxf3 46. Qe1 Be6
47. Rxc6 Rxf1+ 48. Qxf1 f3 0-1

[Event "Hessen-ch A"]
[Site "Frankfurt/Main"]
[Date "2019.06.02"]
[Round "7"]
[White "Dreis, Volker"]
[Black "Ahrends, Norbert"]
[Result "1-0"]
[WhiteElo "1930"]
[BlackElo "1927"]
[PlyCount "61"]
[EventDate "2019.05.30"]
[EventType "swiss"]
[EventRounds "7"]
[EventCountry "GER"]

1. e4 c5 2. Nf3 d6 3. d4 cxd4 4. Nxd4 Nf6 5. Nc3 a6 6. Bg5 e6 7. f4 Be7 8. Qf3
Qc7 9. O-O-O Nbd7 10. g4 b5 11. Bxf6 Nxf6 12. g5 Nd7 13. Bh3 Nb6 14. f5 Bxg5+
15. Kb1 e5 16. Ne6 Bxe6 17. fxe6 f6 18. Bf5 g6 19. h4 Bf4 20. Bh3 Ke7 21. a3 h5
22. Rhg1 Rag8 23. Qf2 g5 24. Qxb6 Qxb6 25. Nd5+ Ke8 26. Nxb6 Be3 27. Rgf1 Bxb6
28. Rxd6 Bd8 29. Rfd1 Bc7 30. Rc6 Ba5 31. Rc8+ 1-0

[Event "Hessen-ch A"]
[Site "Frankfurt/Main"]
[Date "2019.06.02"]
[Round "7"]
[White "Dzyba, Sultan"]
[Black "Tietzen, Stefan"]
[Result "1-0"]
[WhiteElo "1982"]
[BlackElo "2015"]
[PlyCount "107"]
[EventDate "2019.05.30"]
[EventType "swiss"]
[EventRounds "7"]
[EventCountry "GER"]

1. f4 d5 2. Nf3 Nf6 3. e3 g6 4. b3 Bg7 5. Bb2 O-O 6. Be2 c5 7. O-O Nc6 8. Ne5
Nd7 9. Nxc6 bxc6 10. Bxg7 Kxg7 11. c4 Nf6 12. Nc3 e6 13. Qc2 Qe7 14. Na4 d4 15.
Bf3 Bb7 16. Rae1 Nd7 17. Qb2 Qf6 18. Qa3 dxe3 19. dxe3 Qe7 20. Rd1 Rfd8 21. Rf2
e5 22. Qb2 f6 23. Rfd2 Kf7 24. g3 e4 25. Bxe4 f5 26. Bf3 Qxe3+ 27. Kg2 Qe7 28.
Rd6 Nf8 29. Rxd8 Rxd8 30. Rxd8 Qxd8 31. Nxc5 Ba8 32. Qe2 Qd6 33. b4 Ne6 34.
Nxe6 Qxe6 35. Qxe6+ Kxe6 36. c5 Bb7 37. a4 Kd7 38. Kf2 Ba6 39. Be2 Bxe2 40.
Kxe2 Ke6 41. b5 cxb5 42. axb5 Kd5 43. c6 Kd6 44. Kd3 a6 45. Kc4 axb5+ 46. Kxb5
Kc7 47. Kc5 Kc8 48. Kd6 Kd8 49. h4 Kc8 50. c7 h6 51. Kc6 g5 52. hxg5 hxg5 53.
fxg5 f4 54. g6 1-0

[Event "Hessen-ch A"]
[Site "Frankfurt/Main"]
[Date "2019.06.02"]
[Round "7"]
[White "Froehlich Dill, Astrid"]
[Black "Schmitt, Carsten"]
[Result "0-1"]
[WhiteElo "1845"]
[BlackElo "1912"]
[PlyCount "108"]
[EventDate "2019.05.30"]
[EventType "swiss"]
[EventRounds "7"]
[EventCountry "GER"]

1. d4 d5 2. Nf3 e6 3. Bf4 c5 4. c3 Nf6 5. Nbd2 Bd6 6. Bxd6 Qxd6 7. e3 O-O 8.
Bd3 b6 9. O-O Ba6 10. c4 Nc6 11. a3 Rfd8 12. Qa4 Bb7 13. Rfd1 cxd4 14. exd4 Qf4
15. g3 Qg4 16. Ne5 Nxe5 17. dxe5 Nd7 18. Re1 Nc5 19. Qc2 dxc4 20. Be2 Qh3 21.
Bf1 Qg4 22. Re3 b5 23. h3 Qd4 24. Re2 Nd3 25. Bg2 Bxg2 26. Kxg2 Qxb2 27. Qxb2
Nxb2 28. Ne4 Nd3 29. f4 Rab8 30. Nd6 Nc5 31. Rb1 Nb3 32. a4 a6 33. axb5 axb5
34. Ra2 h6 35. Kf2 Rd7 36. Ke3 f6 37. Ra6 fxe5 38. fxe5 Rc7 39. Ne4 c3 40. Rxb3
c2 41. Ra1 c1=Q+ 42. Rxc1 Rxc1 43. Nd6 Rc5 44. Kd4 Rd5+ 45. Ke4 b4 46. Nf5 Rc5
47. Nd6 Rc3 48. Rxc3 bxc3 49. Kd3 Rf8 50. Ne4 Rf3+ 51. Ke2 c2 52. Kd2 Re3 53.
Nd6 Rxg3 54. Kxc2 Rxh3 0-1

[Event "Hessen-ch A"]
[Site "Frankfurt/Main"]
[Date "2019.06.02"]
[Round "7"]
[White "Fucik, Timo"]
[Black "Burkhardt, Holger"]
[Result "1-0"]
[WhiteElo "2020"]
[BlackElo "2042"]
[PlyCount "89"]
[EventDate "2019.05.30"]
[EventType "swiss"]
[EventRounds "7"]
[EventCountry "GER"]

1. d4 d6 2. Nf3 Bg4 3. c4 Nd7 4. b3 Bxf3 5. exf3 g6 6. Bb2 Bg7 7. Nc3 e6 8. Be2
Ne7 9. O-O O-O 10. Qd2 Nf5 11. Nd1 c6 12. Ne3 d5 13. Nxf5 gxf5 14. Rac1 Nf6 15.
Kh1 Kh8 16. Rg1 Qd6 17. c5 Qe7 18. Bd3 Ng8 19. Rce1 Bh6 20. Qe2 Qc7 21. Bb1 Nf6
22. Bc1 Bxc1 23. Rxc1 Rg8 24. g3 Rg7 25. Rg2 Rag8 26. Rcg1 h5 27. Qe3 Rh7 28.
h3 Rg6 29. b4 Nd7 30. Bc2 Nf8 31. a3 Rgh6 32. f4 Nd7 33. Rh2 Kg8 34. f3 Rg7 35.
g4 hxg4 36. fxg4 fxg4 37. hxg4 Rxh2+ 38. Kxh2 Nf6 39. Kh3 Nd7 40. g5 Kf8 41. g6
fxg6 42. Bxg6 Ke7 43. f5 e5 44. Qh6 Kf8 45. Bf7 1-0

[Event "Hessen-ch A"]
[Site "Frankfurt/Main"]
[Date "2019.06.02"]
[Round "7"]
[White "Hasenstab, Robin"]
[Black "Cherny, Andrey"]
[Result "1-0"]
[WhiteElo "1807"]
[BlackElo "2193"]
[PlyCount "91"]
[EventDate "2019.05.30"]
[EventType "swiss"]
[EventRounds "7"]
[EventCountry "GER"]

1. d4 d5 2. Nf3 Nc6 3. Bf4 Bf5 4. c3 e6 5. e3 Bd6 6. Bxd6 cxd6 7. Bd3 Bg6 8.
O-O Nf6 9. Bxg6 hxg6 10. Ng5 Nh7 11. Nxh7 Rxh7 12. Qg4 Rh4 13. Qg3 Qe7 14. Nd2
O-O-O 15. c4 dxc4 16. Nxc4 Kb8 17. Rac1 Rh5 18. Rfd1 Rd5 19. a3 a5 20. f3 Rg5
21. Qe1 Rh8 22. b4 axb4 23. axb4 d5 24. b5 dxc4 25. bxc6 b5 26. g4 Qd6 27. h4
Rd5 28. Ra1 Qxc6 29. Qa5 Qb7 30. Rdb1 c3 31. e4 c2 32. exd5 cxb1=Q+ 33. Rxb1
Qa7 34. Rxb5+ Ka8 35. Qb4 Rb8 36. Rxb8+ Qxb8 37. Qxb8+ Kxb8 38. dxe6 fxe6 39.
Kf2 Kc7 40. Ke3 g5 41. hxg5 Kc6 42. Ke4 Kd7 43. g6 Ke7 44. Ke5 Kd7 45. f4 Ke7
46. f5 1-0

[Event "Hessen-ch A"]
[Site "Frankfurt/Main"]
[Date "2019.06.02"]
[Round "7"]
[White "Henrich, David"]
[Black "Rolf, Marco"]
[Result "1/2-1/2"]
[WhiteElo "2115"]
[BlackElo "2098"]
[PlyCount "37"]
[EventDate "2019.05.30"]
[EventType "swiss"]
[EventRounds "7"]
[EventCountry "GER"]

1. Nf3 d5 2. c4 c6 3. b3 Nf6 4. Bb2 Bf5 5. g3 h6 6. Bg2 e6 7. O-O Be7 8. d3 O-O
9. Nbd2 Nbd7 10. Rc1 a5 11. a3 Rc8 12. Rc2 Qb6 13. Qa1 c5 14. cxd5 exd5 15. Ne5
Nxe5 16. Bxe5 Qe6 17. e4 dxe4 18. dxe4 Bh3 19. Re1 1/2-1/2

[Event "Hessen-ch A"]
[Site "Frankfurt/Main"]
[Date "2019.06.02"]
[Round "7"]
[White "Hess, Steffen"]
[Black "Krychevskiy, Dmytro"]
[Result "1-0"]
[WhiteElo "2038"]
[BlackElo "1927"]
[PlyCount "85"]
[EventDate "2019.05.30"]
[EventType "swiss"]
[EventRounds "7"]
[EventCountry "GER"]

1. d4 g6 2. c4 Nf6 3. Nc3 d6 4. e4 Bg7 5. Nf3 O-O 6. Be2 Nbd7 7. O-O e5 8. d5
Nc5 9. Qc2 a5 10. Ne1 Re8 11. f3 Nh5 12. Nd3 Nxd3 13. Bxd3 Rf8 14. Be3 f5 15.
c5 f4 16. Bf2 Qg5 17. cxd6 cxd6 18. Nb5 Ng3 19. Rfc1 h5 20. Be1 h4 21. Nxd6 h3
22. Qd2 Nh5 23. Nxc8 Raxc8 24. Bf1 Nf6 25. Rxc8 Rxc8 26. Rc1 Rf8 27. Rc7 b6 28.
Kh1 Qh5 29. Qf2 g5 30. gxh3 Rb8 31. Qg2 Kh8 32. h4 Nh7 33. hxg5 Nxg5 34. Qg4
Qxg4 35. fxg4 Nxe4 36. Bg2 Nf6 37. g5 Ng4 38. d6 Rd8 39. d7 Bf8 40. Bc3 Nf2+
41. Kg1 f3 42. Kxf2 fxg2 43. Bxe5+ 1-0

[Event "Hessen-ch A"]
[Site "Frankfurt/Main"]
[Date "2019.06.02"]
[Round "7"]
[White "Iliev, Mustafa Batuhan"]
[Black "Ochs, Daniel Elias"]
[Result "1/2-1/2"]
[WhiteElo "2068"]
[BlackElo "1906"]
[PlyCount "38"]
[EventDate "2019.05.30"]
[EventType "swiss"]
[EventRounds "7"]
[EventCountry "GER"]

1. e4 e6 2. d4 d5 3. Nd2 Be7 4. Ngf3 Nf6 5. e5 Nfd7 6. Bd3 c5 7. c3 b6 8. h4
Ba6 9. Bxa6 Nxa6 10. h5 b5 11. h6 g6 12. O-O O-O 13. Qe2 Qb6 14. Rd1 c4 15. b3
Rfc8 16. Bb2 Nab8 17. Nf1 Nc6 18. Ne3 a5 19. Nd2 Bf8 1/2-1/2

[Event "Hessen-ch A"]
[Site "Frankfurt/Main"]
[Date "2019.06.02"]
[Round "7"]
[White "Kolker, Vladislav"]
[Black "Yaghi, Rita"]
[Result "0-1"]
[WhiteElo "2023"]
[BlackElo "1783"]
[PlyCount "62"]
[EventDate "2019.05.30"]
[EventType "swiss"]
[EventRounds "7"]
[EventCountry "GER"]

1. e4 c5 2. Nf3 d6 3. d4 cxd4 4. Nxd4 Nf6 5. Nc3 a6 6. Bg5 e6 7. f4 Qb6 8. a3
Nc6 9. Bxf6 gxf6 10. Nxc6 bxc6 11. Qc1 Be7 12. Be2 d5 13. Bf3 Rb8 14. Nd1 Bd7
15. Qd2 Rd8 16. c3 dxe4 17. Bxe4 c5 18. c4 Ba4 19. Qc3 Rd4 20. Nf2 f5 21. Bc2
Bc6 22. O-O Rg8 23. g3 Rxf4 24. Nd3 Rfg4 25. Ne5 Bf6 26. Rae1 f4 27. Bxh7 Rxg3+
28. hxg3 Rxg3+ 29. Qxg3 fxg3 30. Bd3 Qxb2 31. Re2 Qd4+ 0-1

[Event "Hessen-ch A"]
[Site "Frankfurt/Main"]
[Date "2019.06.02"]
[Round "7"]
[White "Mudrinic, Nenad"]
[Black "Thomas, Tobias"]
[Result "1/2-1/2"]
[WhiteElo "1897"]
[BlackElo "1942"]
[PlyCount "44"]
[EventDate "2019.05.30"]
[EventType "swiss"]
[EventRounds "7"]
[EventCountry "GER"]

1. c4 c5 2. Nc3 Nf6 3. g3 d5 4. cxd5 Nxd5 5. Bg2 Nc7 6. Nf3 Nc6 7. O-O e5 8. b3
Be7 9. Bb2 Be6 10. Rc1 f6 11. Ne4 Na6 12. d3 Qa5 13. Bc3 Qb6 14. Nfd2 O-O 15.
Nc4 Qc7 16. Bd2 b5 17. Ne3 Qb6 18. Nc3 Rac8 19. Ned5 Qb8 20. Be3 Rfd8 21. Nxe7+
Nxe7 22. Ne4 c4 1/2-1/2

[Event "Hessen-ch A"]
[Site "Frankfurt/Main"]
[Date "2019.06.02"]
[Round "7"]
[White "Muth, Andreas"]
[Black "Goutham, Joshi"]
[Result "1/2-1/2"]
[WhiteElo "2030"]
[BlackElo "1839"]
[PlyCount "83"]
[EventDate "2019.05.30"]
[EventType "swiss"]
[EventRounds "7"]
[EventCountry "GER"]

1. c4 e5 2. e3 Nf6 3. Nc3 d5 4. cxd5 Nxd5 5. Nf3 Nc6 6. Bb5 Nxc3 7. bxc3 Bd6 8.
O-O O-O 9. Qc2 f5 10. d3 Kh8 11. e4 f4 12. Bxc6 bxc6 13. d4 Bg4 14. Qd3 Qe8 15.
Re1 Rd8 16. Bd2 Qh5 17. Rad1 c5 18. dxe5 Bxe5 19. Qe2 Rf6 20. Bxf4 Rdf8 21.
Bxe5 Bxf3 22. gxf3 Qxe5 23. Rd5 Qf4 24. Qe3 Qh4 25. Rf5 Rxf5 26. exf5 h6 27.
Qxc5 Qg5+ 28. Kh1 Rxf5 29. Qxa7 Qf4 30. Re3 Rh5 31. Qa8+ Kh7 32. Qe4+ Rf5 33.
a4 Qxe4 34. fxe4 Rxf2 35. e5 Kg8 36. e6 Kf8 37. Re4 Ke7 38. Kg1 Ra2 39. Rc4 Kd6
40. Re4 Ke7 41. Rc4 Kd6 42. Re4 1/2-1/2

[Event "Hessen-ch A"]
[Site "Frankfurt/Main"]
[Date "2019.06.02"]
[Round "7"]
[White "Neidhardt, Helge"]
[Black "Calvi, Stefan"]
[Result "0-1"]
[WhiteElo "2094"]
[BlackElo "1980"]
[PlyCount "50"]
[EventDate "2019.05.30"]
[EventType "swiss"]
[EventRounds "7"]
[EventCountry "GER"]

1. d4 Nf6 2. Nf3 g6 3. c4 Bg7 4. Nc3 d6 5. e4 O-O 6. Be2 c5 7. d5 e5 8. Bg5 h6
9. Be3 Ng4 10. Bd2 f5 11. h3 Nf6 12. Bd3 f4 13. Qc2 Na6 14. a3 g5 15. Be2 Nc7
16. Nh2 h5 17. f3 Bd7 18. O-O-O a6 19. Be1 b5 20. Na2 bxc4 21. Ba5 Qb8 22. Bxc4
Nb5 23. Nc3 Nd4 24. Qd3 Bb5 25. Nf1 Nb3+ 0-1

[Event "Hessen-ch A"]
[Site "Frankfurt/Main"]
[Date "2019.06.02"]
[Round "7"]
[White "Nies, Peter"]
[Black "Oezdemir, Ali Oezden"]
[Result "1/2-1/2"]
[WhiteElo "2060"]
[BlackElo "1997"]
[PlyCount "60"]
[EventDate "2019.05.30"]
[EventType "swiss"]
[EventRounds "7"]
[EventCountry "GER"]

1. e4 c5 2. Nc3 a6 3. f4 b5 4. g3 Bb7 5. Bg2 e6 6. d3 d5 7. Qe2 Nc6 8. Nf3 Nd4
9. Qf2 b4 10. Nxd4 cxd4 11. Ne2 dxe4 12. Qxd4 Qxd4 13. Nxd4 Nf6 14. c3 Be7 15.
Nc2 bxc3 16. bxc3 O-O 17. d4 Rfc8 18. Bd2 Bd5 19. Ne3 Ne8 20. f5 Nd6 21. Bh3
Bg5 22. fxe6 Bxe3 23. exf7+ Kxf7 24. Bxe3 Rxc3 25. O-O+ Kg8 26. Bf4 Nb5 27. Be5
Rd3 28. Rfd1 Rd8 29. Bf1 Ra3 30. Rdb1 Nc3 1/2-1/2

[Event "Hessen-ch A"]
[Site "Frankfurt/Main"]
[Date "2019.06.02"]
[Round "7"]
[White "Rabiya, Karim"]
[Black "Kosak, Matjaz"]
[Result "1-0"]
[WhiteElo "1826"]
[BlackElo "1869"]
[PlyCount "35"]
[EventDate "2019.05.30"]
[EventType "swiss"]
[EventRounds "7"]
[EventCountry "GER"]

1. e4 e5 2. Nc3 Nc6 3. Bc4 Bc5 4. Qg4 g6 5. Qg3 d6 6. Nf3 Nf6 7. d3 Na5 8. Bg5
h6 9. Qh4 Nxc4 10. Bxf6 g5 11. Bxg5 Qd7 12. Nd5 Qa4 13. Bxh6 Bxf2+ 14. Kxf2
Qxc2+ 15. Kg1 Kd7 16. Qe7+ Kc6 17. dxc4 Bd7 18. Nb4+ 1-0

[Event "Hessen-ch A"]
[Site "Frankfurt/Main"]
[Date "2019.06.02"]
[Round "7"]
[White "Rosenberger, Frank"]
[Black "Simon, Jonathan"]
[Result "1-0"]
[WhiteElo "2046"]
[BlackElo "1959"]
[PlyCount "65"]
[EventDate "2019.05.30"]
[EventType "swiss"]
[EventRounds "7"]
[EventCountry "GER"]

1. e4 c5 2. Nf3 Nc6 3. d4 cxd4 4. Nxd4 Nf6 5. Nc3 e5 6. Ndb5 d6 7. a4 a6 8. Na3
Be6 9. Bc4 Rc8 10. O-O Nb4 11. Bxe6 fxe6 12. Bg5 Be7 13. Bxf6 Bxf6 14. Qg4 Kf7
15. Rad1 Qe7 16. Rd2 Rhd8 17. Ne2 d5 18. c3 Nc6 19. exd5 exd5 20. Rxd5 Rxd5 21.
Qxc8 Rd2 22. Ng3 Na7 23. Qc4+ Qe6 24. Qc5 Nc6 25. Nc4 Rd3 26. Ne3 Qb3 27. Ngf5
Kg6 28. h4 Qxa4 29. Qf8 h6 30. Nxg7 Qxh4 31. Ngf5 Qg5 32. Qg8+ Kh5 33. g4+ 1-0

[Event "Hessen-ch A"]
[Site "Frankfurt/Main"]
[Date "2019.06.02"]
[Round "7"]
[White "Ruhl, Moritz"]
[Black "Foerster Yialamas, Lucas"]
[Result "0-1"]
[WhiteElo "1867"]
[BlackElo "1981"]
[PlyCount "64"]
[EventDate "2019.05.30"]
[EventType "swiss"]
[EventRounds "7"]
[EventCountry "GER"]

1. d4 Nf6 2. c4 g6 3. Nf3 Bg7 4. g3 c6 5. Bg2 d5 6. Nc3 O-O 7. O-O Ne4 8. cxd5
Nxc3 9. bxc3 cxd5 10. Qb3 Nc6 11. Nd2 e6 12. a4 Na5 13. Qa2 b6 14. Ba3 Re8 15.
Bb4 Nc6 16. Ba3 Ba6 17. Rfe1 Na5 18. e4 Bb7 19. exd5 Bxd5 20. Bxd5 Qxd5 21.
Qxd5 exd5 22. Rac1 Bh6 23. f4 g5 24. Bd6 gxf4 25. gxf4 Rac8 26. Kf2 f6 27.
Rxe8+ Rxe8 28. c4 dxc4 29. Kf3 Nb3 30. Rg1+ Kf7 31. Nxb3 cxb3 32. Ba3 f5 0-1